<?xml version="1.0" encoding="UTF-8"?>
<record
    xmlns:xsi="http://www.w3.org/2001/XMLSchema-instance"
    xsi:schemaLocation="http://www.loc.gov/MARC21/slim http://www.loc.gov/standards/marcxml/schema/MARC21slim.xsd"
    xmlns="http://www.loc.gov/MARC21/slim">

  <leader>01366nam a22002417a 4500</leader>
  <datafield tag="999" ind1=" " ind2=" ">
    <subfield code="c">21219</subfield>
    <subfield code="d">21219</subfield>
  </datafield>
  <controlfield tag="003">AR-CdUCM</controlfield>
  <controlfield tag="008">190307b           ||||| |||| 00| 0 spa d</controlfield>
  <datafield tag="040" ind1=" " ind2=" ">
    <subfield code="a">MUNICIPALIDAD PROVINCIAL DEL CUSCO</subfield>
    <subfield code="c">BIBLIOTECA MUNICIPAL DEL CUSCO</subfield>
  </datafield>
  <datafield tag="082" ind1=" " ind2=" ">
    <subfield code="a">338.985 / P26A</subfield>
    <subfield code="b">P26A</subfield>
  </datafield>
  <datafield tag="100" ind1=" " ind2=" ">
    <subfield code="a">Parra Argando&#xF1;a, Hamilton</subfield>
  </datafield>
  <datafield tag="245" ind1=" " ind2=" ">
    <subfield code="a">An&#xE1;lisis sociocultural del territorio en el Alto Amazonas Loreto /</subfield>
  </datafield>
  <datafield tag="260" ind1=" " ind2=" ">
    <subfield code="a">Cusco : </subfield>
    <subfield code="b">Gustavo Impresores,</subfield>
    <subfield code="c">2018. </subfield>
  </datafield>
  <datafield tag="300" ind1=" " ind2=" ">
    <subfield code="a">109 p&#xE1;ginas ; </subfield>
    <subfield code="c">20 cm.</subfield>
  </datafield>
  <datafield tag="505" ind1=" " ind2=" ">
    <subfield code="a">Contenido: El fen&#xF3;meno de la globalizaci&#xF3;n est&#xE1; propiciando la p&#xE9;rdida y debilitamiento cultural -- Insuficiente cobertura de los servicios b&#xE1;sicos de agua, desag&#xFC;e y electricidad limita el acceso de la poblaci&#xF3;n al servicio -- Insuficiente cobertura de la atenci&#xF3;n en Salud genera limitaciones en la calidad de vida de la poblaci&#xF3;n -- Deficiente prestaci&#xF3;n de los servicios educativos limita el aprovechamiento del capital humano en la provincial de Alto Amazonas ...</subfield>
  </datafield>
  <datafield tag="650" ind1=" " ind2=" ">
    <subfield code="a">Gobiernos regionales - Administraci&#xF3;n - Econom&#xED;a</subfield>
    <subfield code="9">12705</subfield>
  </datafield>
  <datafield tag="650" ind1=" " ind2=" ">
    <subfield code="a">Administraci&#xF3;n p&#xFA;blica - Per&#xFA;</subfield>
    <subfield code="9">12706</subfield>
  </datafield>
  <datafield tag="650" ind1=" " ind2=" ">
    <subfield code="a">Proyectos de desarrollo econ&#xF3;mico</subfield>
    <subfield code="9">8359</subfield>
  </datafield>
  <datafield tag="650" ind1=" " ind2=" ">
    <subfield code="a">Estudio de casos - Cusco - Proyectos de desarrollo econ&#xF3;mico</subfield>
    <subfield code="9">12707</subfield>
  </datafield>
  <datafield tag="650" ind1=" " ind2=" ">
    <subfield code="a">Desarrollo Urbano</subfield>
    <subfield code="9">14520</subfield>
  </datafield>
  <datafield tag="650" ind1=" " ind2=" ">
    <subfield code="a">Amazon&#xED;a</subfield>
    <subfield code="9">3433</subfield>
  </datafield>
  <datafield tag="942" ind1=" " ind2=" ">
    <subfield code="2">ddc</subfield>
    <subfield code="c">LIBROS</subfield>
  </datafield>
  <datafield tag="945" ind1=" " ind2=" ">
    <subfield code="a">Roel</subfield>
  </datafield>
  <datafield tag="952" ind1=" " ind2=" ">
    <subfield code="0">0</subfield>
    <subfield code="2">ddc</subfield>
    <subfield code="4">0</subfield>
    <subfield code="7">0</subfield>
    <subfield code="a">SH</subfield>
    <subfield code="b">SH</subfield>
    <subfield code="c">CART</subfield>
    <subfield code="d">2020-02-18</subfield>
    <subfield code="e">Dep&#xF3;sito Legal BNP N&#xB0; 2018-10544</subfield>
    <subfield code="g">10.00</subfield>
    <subfield code="o">338.985 / P26A</subfield>
    <subfield code="p">SH0000015692</subfield>
    <subfield code="r">2020-02-18</subfield>
    <subfield code="y">LIBROS</subfield>
  </datafield>
</record>
